| 000 | 01019nam a22002777a 4500 | ||
|---|---|---|---|
| 999 |
_c112897 _d112897 |
||
| 003 | dpl | ||
| 005 | 20190117105656.0 | ||
| 008 | 190117b ||||| |||| 00| 0 eng d | ||
| 010 | _aB-065932 | ||
| 020 | _c75.00 | ||
| 035 | _aB-065932, B-065933 | ||
| 037 | _bCen Lib/Ret | ||
| 040 |
_aDPL _bHN _c0 |
||
| 082 |
_a821 _bसहग |
||
| 100 |
_aसहगल, शशि _949649 |
||
| 245 |
_aमौन से संवाद / _cशशि सहगल |
||
| 246 |
_aMaun se snvaad / _bby Shashi Sahgal |
||
| 260 |
_aदिल्ली _bनेशनल पब्लिशिंग हाउस _c2003 |
||
| 270 |
_aडी-439, गली-4, भजनपुरा _bदिल्ली _e110053 |
||
| 300 |
_a79पृ. _c21सेमी (सजिल्द) |
||
| 650 |
_aहिन्दी साहित्य _949650 |
||
| 650 |
_aकविता संग्रह _97 |
||
| 650 |
_aHindi literature _949651 |
||
| 650 |
_aPoetry Collection _949652 |
||
| 942 |
_2ddc _cHN _h821 _mसहग |
||